| 000 | 00381nam a22001577a 4500 | ||
|---|---|---|---|
| 003 | NUST | ||
| 020 | _a0750625953 | ||
| 038 | _aKhadija | ||
| 082 |
_a620.007 _bTOO |
||
| 100 |
_aTooley _990611 |
||
| 245 |
_aEngineering GNVQ: Advanced / _cMike Tooley |
||
| 260 |
_aBrirain _bReed Educational and Professional Publisher _c1996 |
||
| 300 | _ap630 | ||
| 563 | _aPB | ||
| 942 |
_2ddc _cBK |
||
| 999 |
_c588805 _d588805 |
||